Boogie en Proceso /

שמור ב:
מידע ביבליוגרפי
מחבר ראשי: Fontanarrosa, Roberto (autor)
מחברים אחרים: Ponce, Armando (prólogo) (prólogo)
פורמט: ספר
שפה:ספרדית
יצא לאור: México : Proceso : Ediciones de La Flor, 1981, c1981
נושאים:
תגים: הוספת תג
אין תגיות, היה/י הראשונ/ה לתייג את הרשומה!

MARC

LEADER 00000nam^a2200000^a^4500
001 000022358
005 20250521000000.0
009 20260310084453.742
037 |a Acervo ITESO - Biblioteca 
041 |a ESP 
082 |a 741. 53  |b FON 
100 |a Fontanarrosa, Roberto  |e (autor) 
240 1 1 |a [Boogie "El Aceitoso"] 
240 1 1 |a [Boogie en Proceso] 
245 1 0 |a Boogie en Proceso /  |c R. Fontanarrosa ; pról. de A. Ponce. 
264 4 |a México :  |b Proceso :  |b Ediciones de La Flor,  |c 1981, c1981 
300 |a 103 p. 
336 |a texto  |b txt  |2 rdacontenido 
337 |a sin mediación  |b n  |2 rdamedio 
338 |a volumen  |b nc  |2 rdasoporte 
649 |a XX 
650 |a Veteranos de Guerra Norteamericanos 
650 |a Mercenarios Norteamericanos 
650 |a Personajes Literarios 
650 |a Personajes de Ficción 
650 |a Armamentismo 
650 |a Machismo 
650 |a Discriminación 
650 |a Historietas y Caricaturas de Temas Políticos y Sociales 
650 |a Historietas y Caricaturas Argentinas 
650 |a Medios Impresos 
650 |a Medios de Comunicación 
650 |a Comunicación Masiva 
650 |a Comunicación Visual 
700 |a Ponce, Armando  |e (prólogo) 
910 |a Fondo General 
920 |a Impresos - Libros 
930 |a Colección General 
905 |a 101 
901 |a 0223580100  |b IT1  |c ACC  |i 022358  |u 20250521 
902 |a https://opac.biblio.iteso.mx/vufind/Record/000022358